Statistics for orten boysen vart dom ifrån

Click here to take the quiz!

General Stats

  • This quiz has been taken 17 times
  • The average score is 9 of 13

Answer Stats

HintAnswer% Correct
einarSverige
100%
ADAAMSverige
100%
Sebastion staketSverige
100%
elvisSverige
100%
dizzysverige?
100%
sarettisverige
100%
greekazoGrekland
75%
dree lowSomalien
56%
1 cuzSomalien
56%
23Marocko
38%
thrifenigeria
13%
Z.ePolen
13%
vc barrenågot kurd
0%

Score Distribution

Percentile by Number Answered

Percent of People with Each Score

Your Score History

You have not taken this quiz